000 00832nam a2200241 a 4500
001 000009121
005 20240412074209.0
008 090928s1987 dr a 001 p spa d
040 _aDO-SdBNP
_bspa
_cBNPHU
082 _aRD861.44
_bO96r
100 1 _aOvalles, Pedro,
_d1957-
_923781
245 1 0 _aRetoño de sueños /
_cPedro Ovalles ; prólogo Bruno Rosario Candelier.
260 _aSanto Domingo :
_bCita de Fuga,
_c1987.
300 _a48 p. :
_bil. ;
_c21 cm.
490 1 _aJuventud, alegría y ocio
500 _aIncluye datos biográficos del autor en la contracubierta
650 0 _aPoesía dominicana
_966
650 0 _aLiteratura dominicana.
_967
700 1 _aRosario Candelier, Bruno,
_d1941-
_epról.
_9851
830 0 _aJuventud, alegría y ocio
_923782
910 _aValidado. Control de calidad EMS.
049 _aBNPD
999 _c8885
_d8885